Fr. Conceicao Rodrigues College of Engineering

Computers- Mediated communication : Genesis (Record no. 19478)

MARC details
000 -LEADER
fixed length control field 00322nam a2200145Ia 4500
082 ## - DEWEY DECIMAL CLASSIFICATION NUMBER
Classification number 651.7
Item number WAL
100 ## - MAIN ENTRY--PERSONAL NAME
Personal name Walters Rob
245 ## - TITLE STATEMENT
Title Computers- Mediated communication : Genesis
260 ## - PUBLICATION, DISTRIBUTION, ETC.
Name of publisher, distributor, etc. Artech house
Place of publication, distribution, etc. Boston
Date of publication, distribution, etc. 1995
300 ## - PHYSICAL DESCRIPTION
Extent 420
546 ## - LANGUAGE NOTE
Language note ENGLISH
654 ## - SUBJECT ADDED ENTRY--FACETED TOPICAL TERMS
Focus term computers
942 ## - ADDED ENTRY ELEMENTS (KOHA)
Koha item type Reference Book
Holdings
Withdrawn status Lost status Damaged status Not for loan Collection Home library Current library Shelving location Date acquired Total Checkouts Full call number Barcode Date last seen Price effective from Koha item type
        CRC Fr. Agnel's C.Rodrigues College of Engineering Fr. Agnel's C.Rodrigues College of Engineering   17/03/2023   651.7 WAL 8376 17/03/2023 17/03/2023 Reference Book